English grammar and composition

Bibliographic Details
Main Author: Shenai, Meera
Format: Book
Published: New Delhi : Pacific Books International , 2011
Subjects:

MARC

LEADER 00000cam a2200000 7i4500
001 0000036730
005 20130701.0
008 130701
020 |a 9380472478 
090 0 0 |a 428.2   |b SHE 
100 1 |a Shenai, Meera 
245 1 0 |a English grammar and composition   |c Meera Shenai 
260 |a New Delhi :   |b Pacific Books International ,   |c 2011 
650 0 |a English grammar   |x Juvenile literature 
999 |a 0001227112   |b Book   |c Adult Collection   |e Cawangan Bandar Tenggara